000 00794nam a22002177a 4500
999 _c5119
_d5119
003 AR-CdUCM
008 190312b ||||| |||| 00| 0 spa d
040 _aMUNICIPALIDAD PROVINCIAL DEL CUSCO
_cBIBLIOTECA MUNICIPAL DEL CUSCO
082 _a869.56 /
_bV19
100 _aValdivia, Oscar
_910062
245 _aLaberinto para ciegos :
_b1970-1973 /
260 _aArequipa :
_bEdiciones Obramundo,
_c1980
300 _a77 paginas ;
_c20 cm.
500 _aDonación familia Nieto.
505 _aContenido :Tierra de nadie -- Laberinto para ciegos -- Destierro -- Por fin un día la luz -- Los héroes de mañana -- La calle larga ...
650 _aPoesías peruanas
_91481
650 _aPoesías del siglo XX
_915565
650 _aLiteratura peruana
_9169
942 _2ddc
_cLIBROS
945 _arum